[Event "IV Open Internacional Calvia"]
[Site "Calvia"]
[Date "2007.10.16"]
[Round "2.14"]
[White "Arencibia, Rodriguez Walter"]
[Black "Mascaro March, Pedro"]
[Result "1-0"]
[WhiteElo "2562"]
[BlackElo "2370"]
[PlyCount "97"]
[EventDate "2007.??.??"]

1. e4 e5 2. Nf3 d6 3. d4 exd4 4. Qxd4 Nf6 5. Nc3 Nc6 6. Bb5 Bd7 7. Bxc6 Bxc6 8.
Bg5 Be7 9. O-O-O h6 10. Bf4 O-O 11. Rhe1 Nd7 12. Qd2 Re8 13. Nd4 Bf6 14. f3
Bxd4 15. Qxd4 Qf6 16. Ne2 a6 17. Qxf6 Nxf6 18. Nd4 Bd7 19. g4 Nh7 20. Bg3 Nf8
21. Ne2 Ng6 22. Nc3 Ne5 23. Bxe5 Rxe5 24. Nd5 Rc8 25. c4 Bc6 26. Ne3 g6 27. h4
Kg7 28. Rg1 h5 29. g5 Rf8 30. Rg3 a5 31. Kd2 b6 32. Rc1 Rc8 33. Nd5 Bxd5 34.
cxd5 c5 35. dxc6 Rc5 36. Rxc5 dxc5 37. f4 f6 38. Rd3 Rxc6 39. Rd7+ Kf8 40. a4
fxg5 41. hxg5 Re6 42. Ke3 Re7 43. Rd6 Kg7 44. Kf3 Rb7 45. f5 gxf5 46. exf5 b5
47. axb5 Rxb5 48. Rd7+ Kf8 49. g6 1-0

[Event "IV Open Internacional Calvia"]
[Site "Calvia"]
[Date "2007.10.16"]
[Round "2.15"]
[White "Das, Arghyadip"]
[Black "Gharamian, Tigran"]
[Result "0-1"]
[WhiteElo "2367"]
[BlackElo "2557"]
[PlyCount "58"]
[EventDate "2007.??.??"]

1. e4 c5 2. Nf3 d6 3. d4 Nf6 4. Nc3 cxd4 5. Nxd4 a6 6. Be3 e5 7. Nf3 Be7 8. Bc4
O-O 9. O-O Be6 10. Bxe6 fxe6 11. Na4 Nfd7 12. c4 Nc6 13. Rc1 Rc8 14. c5 dxc5
15. Qb3 Nd4 16. Bxd4 exd4 17. Qxb7 Rxf3 18. gxf3 Bd6 19. Rfd1 Rb8 20. Qxa6 Qf8
21. Kf1 Qf4 22. Qc6 Rf8 23. e5 Nxe5 24. Qxd6 Qxf3 25. Kg1 Qxf2+ 26. Kh1 Qf3+
27. Kg1 Qe3+ 28. Kh1 Qe4+ 29. Kg1 Nf3+ 0-1

[Event "IV Open Internacional Calvia"]
[Site "Calvia"]
[Date "2007.10.16"]
[Round "2.16"]
[White "Strikovic, Aleksa"]
[Black "Sveshnikov, Vladimir"]
[Result "1/2-1/2"]
[WhiteElo "2551"]
[BlackElo "2366"]
[PlyCount "136"]
[EventDate "2007.??.??"]

1. c4 e6 2. Nf3 Nf6 3. g3 d5 4. Bg2 dxc4 5. Qa4+ Nbd7 6. Qxc4 Rb8 7. d4 b5 8.
Qc2 Bb7 9. Bf4 Rc8 10. Nc3 a6 11. O-O c5 12. dxc5 Bxc5 13. a3 O-O 14. Rac1 Qb6
15. e4 Qa7 16. e5 Nh5 17. Bd2 g6 18. Bh6 Rfe8 19. Qe2 Qa8 20. g4 Bf8 21. Bd2
Ng7 22. Bf4 Rc4 23. Bg3 Rxg4 24. Rfd1 Nc5 25. b4 Ne4 26. Rd7 Nxc3 27. Rxc3 Rc4
28. Rxc4 bxc4 29. Ne1 Bxg2 30. Nxg2 Rc8 31. Ne3 c3 32. Nc2 Nf5 33. Qd3 h5 34.
f3 Bh6 35. Bf2 Qc6 36. Ra7 Qd5 37. Qxd5 exd5 38. Rd7 Bf4 39. Rxd5 Re8 40. a4
Bxe5 41. h3 h4 42. b5 axb5 43. axb5 Bg3 44. b6 Kg7 45. b7 Rb8 46. Rd7 Kf6 47.
Bxg3 hxg3 48. Rc7 Nd6 49. Rxc3 Rxb7 50. Ne3 Kg5 51. Kg2 f5 52. Rc5 Rb5 53. Rd5
Rxd5 54. Nxd5 Kh4 55. f4 Ne4 56. Ne7 Kh5 57. Kf3 Kh6 58. Nd5 Kh5 59. Ne7 Kh6
60. Nd5 Kh7 61. Ne3 Kg7 62. Nf1 Kf6 63. Nxg3 Nd2+ 64. Ke3 Nc4+ 65. Kd4 Nb6 66.
h4 Nd7 67. h5 Nf8 68. hxg6 Nxg6 1/2-1/2

[Event "IV Open Internacional Calvia"]
[Site "Calvia"]
[Date "2007.10.16"]
[Round "2.17"]
[White "Mihailovs, Jurijs"]
[Black "Romanishin, Oleg M"]
[Result "1/2-1/2"]
[WhiteElo "2366"]
[BlackElo "2547"]
[PlyCount "46"]
[EventDate "2007.??.??"]

1. d4 d5 2. c4 dxc4 3. e3 g6 4. Bxc4 Bg7 5. Qb3 Nh6 6. Nf3 O-O 7. Bd2 Nf5 8.
Nc3 Nc6 9. Ne4 Nd6 10. Bd5 e5 11. Nxd6 cxd6 12. dxe5 dxe5 13. Bc3 Qe7 14. O-O
e4 15. Bxg7 Kxg7 16. Qc3+ Kg8 17. Bxc6 bxc6 18. Qe5 Re8 19. Qxe7 Rxe7 20. Nd4
c5 21. Nb3 Rb8 22. Rfc1 Be6 23. Rxc5 Bxb3 1/2-1/2

[Event "IV Open Internacional Calvia"]
[Site "Calvia"]
[Date "2007.10.16"]
[Round "2.18"]
[White "Peralta, Fernando"]
[Black "Bykhovsky, Anatoly"]
[Result "1/2-1/2"]
[WhiteElo "2546"]
[BlackElo "2364"]
[PlyCount "117"]
[EventDate "2007.??.??"]

1. Nf3 Nf6 2. c4 g6 3. Nc3 d5 4. cxd5 Nxd5 5. h4 Bg7 6. h5 Nxc3 7. bxc3 c5 8.
Qa4+ Nc6 9. Ba3 Qd6 10. Ng5 Qd5 11. f4 h6 12. e4 Qd7 13. Nf3 Qg4 14. Bxc5 Qxf4
15. hxg6 Qg3+ 16. Bf2 Qxg6 17. Rb1 O-O 18. Be2 b6 19. Nh4 Qd6 20. d4 Bd7 21. e5
Qc7 22. Qa3 Na5 23. Be3 Nc4 24. Qc1 Nxe3 25. Qxe3 Rac8 26. Rc1 e6 27. O-O f5
28. Ng6 Rf7 29. c4 Be8 30. Nf4 Re7 31. Bd1 a5 32. a3 a4 33. Be2 Rd8 34. Rfd1
Bf7 35. Bh5 Bxh5 36. Nxh5 Kh7 37. Nf4 Rg8 38. Re1 Qb7 39. Qd3 Qb8 40. d5 Bxe5
41. Nxe6 Rf7 42. Re3 Bf4 43. Nxf4 Qxf4 44. Rf1 Qg4 45. Qe2 Qd4 46. Qf3 Qg4 47.
Rf2 Rg6 48. d6 Rgg7 49. Re5 Qg6 50. Rxf5 Rxf5 51. Qxf5 Qxf5 52. Rxf5 Rd7 53.
Rd5 Kg6 54. Kf2 Kf7 55. Ke3 Ke6 56. Kd4 Rxd6 57. Rxd6+ Kxd6 58. Kc3 Ke5 59. Kb4
1/2-1/2

[Event "IV Open Internacional Calvia"]
[Site "Calvia"]
[Date "2007.10.16"]
[Round "2.20"]
[White "Godena, Michele"]
[Black "Zozulia, Anna"]
[Result "1-0"]
[WhiteElo "2535"]
[BlackElo "2343"]
[PlyCount "78"]
[EventDate "2007.??.??"]

1. e4 d6 2. d4 g6 3. Nf3 Bg7 4. Bc4 e6 5. c3 d5 6. Bb5+ Bd7 7. Bd3 dxe4 8. Bxe4
Bc6 9. Bxc6+ Nxc6 10. Qb3 b6 11. Bf4 Nge7 12. Na3 O-O 13. O-O a5 14. Nb5 Nd5
15. Bg3 a4 16. Qc2 Na7 17. Na3 Nc8 18. Rad1 Nd6 19. c4 Ne7 20. Be5 Qc8 21. Bxg7
Kxg7 22. Rfe1 Nef5 23. c5 Ne8 24. d5 exd5 25. Rxd5 Nf6 26. Qc3 h5 27. h3 Re8
28. Rxe8 Qxe8 29. Re5 Ne7 30. Nc4 bxc5 31. Ncd2 Kg8 32. Re1 Nfd5 33. Qd3 Qc6
34. Ne4 Rd8 35. Ne5 Qa8 36. Nd2 Nc6 37. Nxc6 Qxc6 38. Nc4 Re8 39. Rd1 Qe6 1-0

[Event "IV Open Internacional Calvia"]
[Site "Calvia"]
[Date "2007.10.16"]
[Round "2.21"]
[White "Pinheiro, Jose"]
[Black "Movsziszian, Karen"]
[Result "0-1"]
[WhiteElo "2331"]
[BlackElo "2531"]
[PlyCount "96"]
[EventDate "2007.??.??"]

1. d4 Nf6 2. Nf3 g6 3. Bf4 Bg7 4. e3 O-O 5. Be2 d6 6. h3 Nfd7 7. c3 e5 8. dxe5
dxe5 9. Bh2 Qe7 10. O-O f5 11. Qb3+ Kh8 12. Qa3 Qf6 13. Nbd2 Nc6 14. Rad1 Re8
15. Rfe1 a6 16. Nc4 Rb8 17. Na5 Nd8 18. Qa4 b6 19. Nb3 b5 20. Qh4 Qf8 21. Qb4
c5 22. Qa3 Nc6 23. Na5 Qf6 24. Nxc6 Qxc6 25. Qb3 c4 26. Qc2 Nc5 27. Qd2 Bb7 28.
Qd6 Rbc8 29. Qxc6 Bxc6 30. Rd6 Ne4 31. Rdd1 h6 32. Nh4 Re6 33. a4 Rf8 34. axb5
axb5 35. Ra1 Nc5 36. Ra7 Na4 37. Ra6 Nxb2 38. Nf3 Rc8 39. Rb1 Na4 40. Rxb5 Nxc3
41. Bxc4 Bxb5 42. Rxe6 Bxc4 43. Rxg6 Ne2+ 44. Kh1 Bf7 45. Rd6 Rc1+ 46. Ng1 Rf1
47. Rd2 Bc4 48. f3 Rxg1+ 0-1

[Event "IV Open Internacional Calvia"]
[Site "Calvia"]
[Date "2007.10.16"]
[Round "2.23"]
[White "Tscharotschkin, Michael"]
[Black "Del Rio Angelis, Salvador G"]
[Result "0-1"]
[WhiteElo "2290"]
[BlackElo "2512"]
[PlyCount "44"]
[EventDate "2007.??.??"]

1. e4 c5 2. c3 d5 3. exd5 Qxd5 4. d4 g6 5. Nf3 Bg7 6. Be2 Nf6 7. O-O O-O 8. c4
Qd8 9. Nc3 Na6 10. h3 Bf5 11. Be3 Ne4 12. g4 cxd4 13. Nxe4 Bxe4 14. Nxd4 b6 15.
Qd2 e6 16. Rad1 Qh4 17. Kh2 Rad8 18. Qc1 Qe7 19. Nf3 Nb4 20. a3 Nd3 21. Bxd3
Bxf3 22. Rd2 Be5+ 0-1

[Event "IV Open Internacional Calvia"]
[Site "Calvia"]
[Date "2007.10.16"]
[Round "2.25"]
[White "Ehsan, Ali"]
[Black "Heberla, Bartlomiej"]
[Result "0-1"]
[WhiteElo "2280"]
[BlackElo "2502"]
[PlyCount "82"]
[EventDate "2007.??.??"]

1. e4 c5 2. Nf3 Nc6 3. d4 cxd4 4. Nxd4 Nf6 5. Nc3 d6 6. f3 e5 7. Nb3 Be7 8. Be3
O-O 9. Qd2 a5 10. Bb5 Na7 11. Bd3 Be6 12. a4 Nc6 13. O-O Nb4 14. Bb5 Qc7 15.
Qf2 d5 16. Bb6 Qc8 17. exd5 Nfxd5 18. Nxd5 Bxd5 19. Rad1 Bc6 20. c3 Nd5 21. Bc5
Bxc5 22. Nxc5 Rd8 23. Rfe1 f6 24. Rd2 Nf4 25. Rxd8+ Qxd8 26. Bxc6 bxc6 27. Kf1
Qd5 28. Qe3 Qa2 29. g3 Nd5 30. Qe2 Rb8 31. b3 Qxe2+ 32. Kxe2 Nxc3+ 33. Kd3 Nd5
34. Rc1 Kf7 35. Rc4 Ke7 36. Rc1 f5 37. Kc2 Kd6 38. Kb2 h5 39. Rc4 g5 40. Nd3
Nb6 41. Rc1 Nxa4+ 0-1

[Event "IV Open Internacional Calvia"]
[Site "Calvia"]
[Date "2007.10.16"]
[Round "2.27"]
[White "Habibi, Ali"]
[Black "Cornette, Matthieu"]
[Result "0-1"]
[WhiteElo "2269"]
[BlackElo "2494"]
[PlyCount "75"]
[EventDate "2007.??.??"]

1. Nf3 g6 2. d4 Nf6 3. c4 Bg7 4. Nc3 O-O 5. e3 d5 6. h3 c5 7. cxd5 Nxd5 8. Be2
Nc6 9. O-O cxd4 10. exd4 Bf5 11. Be3 Nxe3 12. fxe3 Qb6 13. Qb3 Qc7 14. d5 Na5
15. Qb4 Rac8 16. e4 Bd7 17. Rac1 Bh6 18. Rcd1 Be3+ 19. Kh1 Bc5 20. d6 exd6 21.
Nd5 Bxb4 22. Nxc7 Rxc7 23. a3 Ba4 24. Rd4 Nc6 25. axb4 Nxd4 26. Nxd4 Bc6 27.
Bd3 Re8 28. Rc1 Ree7 29. b3 a6 30. Kh2 Bb5 31. Rxc7 Rxc7 32. Bxb5 axb5 33. Nxb5
Rc6 34. Nd4 Rc3 35. Nb5 Rxb3 36. Nxd6 Rxb4 37. Kg3 Kf8 38. Kf3 0-1

[Event "IV Open Internacional Calvia"]
[Site "Calvia"]
[Date "2007.10.16"]
[Round "2.28"]
[White "Drazic, Sinisa"]
[Black "Thomassen, Joachim"]
[Result "1-0"]
[WhiteElo "2493"]
[BlackElo "2263"]
[PlyCount "117"]
[EventDate "2007.??.??"]

1. e4 e5 2. Nf3 Nc6 3. Bb5 a6 4. Ba4 Nf6 5. d3 b5 6. Bb3 Be7 7. O-O O-O 8. a4
Bb7 9. Re1 d6 10. Nc3 Na5 11. axb5 Nxb3 12. cxb3 axb5 13. Rxa8 Qxa8 14. Nxb5 h6
15. Qc2 c6 16. Nc3 Rb8 17. d4 exd4 18. Nxd4 Bc8 19. Bf4 Rb4 20. Qd2 Qb7 21. e5
dxe5 22. Bxe5 c5 23. Ndb5 Be6 24. Nc7 Rxb3 25. Nxe6 fxe6 26. Re2 Qc6 27. h3 Rb4
28. Qe1 Kf7 29. Qd1 Nd7 30. Bg3 Bf6 31. Rd2 Rd4 32. Qh5+ Kf8 33. Re2 Rb4 34.
Qg6 Qb6 35. Nd5 Qa6 36. Re1 Rb7 37. Nc7 Rxc7 38. Bxc7 Qc6 39. Bg3 Qd5 40. Qb1
Bd4 41. b4 c4 42. Qg6 Nf6 43. Kh1 c3 44. Qd3 e5 45. Rd1 Ne4 46. Kh2 Nxg3 47.
fxg3 Kg8 48. Qxc3 Bxc3 49. Rxd5 Bxb4 50. Rxe5 g6 51. Rb5 Bc3 52. h4 h5 53. Rb7
Bg7 54. Kh3 Kh7 55. g4 hxg4+ 56. Kxg4 Kh6 57. Rb6 Kh7 58. h5 gxh5+ 59. Kxh5 1-0

[Event "IV Open Internacional Calvia"]
[Site "Calvia"]
[Date "2007.10.16"]
[Round "2.29"]
[White "Rosberg, Simon"]
[Black "Libiszewski, Fabien"]
[Result "1-0"]
[WhiteElo "2213"]
[BlackElo "2486"]
[PlyCount "79"]
[EventDate "2007.??.??"]

1. d4 Nf6 2. c4 g6 3. Nf3 Bg7 4. g3 O-O 5. Bg2 d6 6. O-O Nc6 7. Nc3 Bg4 8. h3
Bxf3 9. Bxf3 Nd7 10. e3 e5 11. d5 Ne7 12. Be2 f5 13. f4 Nc5 14. Bd2 a5 15. Rc1
Kh8 16. Qc2 Re8 17. Bf3 e4 18. Be2 c6 19. b3 Rc8 20. Qb1 Qb6 21. Rfd1 Rc7 22.
Kf2 cxd5 23. cxd5 Ng8 24. Nb5 Rce7 25. Bc4 Nf6 26. Nc3 Nfd7 27. Kg2 g5 28. Ne2
gxf4 29. gxf4 Nd3 30. Bxd3 exd3 31. Ng3 Qb5 32. Kh2 Qxd5 33. b4 Rg8 34. Qb3
Qxb3 35. axb3 axb4 36. Nxf5 Rf7 37. Nxd6 Rf6 38. Bxb4 Bf8 39. Rxd3 h5 40. Bc3
1-0

[Event "IV Open Internacional Calvia"]
[Site "Calvia"]
[Date "2007.10.16"]
[Round "2.30"]
[White "Karlsson, Lars"]
[Black "Galiana, Juan Ramon"]
[Result "1/2-1/2"]
[WhiteElo "2485"]
[BlackElo "2252"]
[PlyCount "110"]
[EventDate "2007.??.??"]

1. Nf3 d5 2. b3 Nc6 3. Bb2 Bg4 4. d4 Nf6 5. Nbd2 e6 6. e3 Be7 7. h3 Bf5 8. a3
a6 9. c4 Ne4 10. Be2 Nxd2 11. Qxd2 Bf6 12. Rc1 h6 13. O-O O-O 14. Rfd1 Re8 15.
Qe1 Qe7 16. Nd2 Red8 17. f4 Kh8 18. Qf2 Na7 19. b4 Nc8 20. c5 Qe8 21. g4 Bh7
22. Qg2 g5 23. Nf3 Qe7 24. Bd3 Bxd3 25. Rxd3 Bg7 26. Rf1 Rg8 27. fxg5 hxg5 28.
Ne5 Bxe5 29. dxe5 Rg7 30. e4 c6 31. exd5 cxd5 32. Rf6 Na7 33. h4 Rh7 34. h5 a5
35. Qd2 axb4 36. axb4 Nc6 37. Kg2 Ra4 38. Bc3 d4 39. Rxd4 Nxd4 40. Qxd4 Qe8 41.
Kg3 Ra8 42. Rf3 Qa4 43. Bd2 Rg8 44. Bxg5 Rxg5 45. Qd8+ Rg8 46. Qf6+ Rhg7 47.
Qh6+ Rh7 48. Qf6+ Rgg7 49. h6 Qxb4 50. hxg7+ Rxg7 51. Qd8+ Kh7 52. Qh4+ Kg8 53.
Qd8+ Kh7 54. Qd3+ Kg8 55. Qd8+ Kh7 1/2-1/2

[Event "IV Open Internacional Calvia"]
[Site "Calvia"]
[Date "2007.10.16"]
[Round "2.31"]
[White "Mack, Wolfgang"]
[Black "Carlsson, Pontus"]
[Result "0-1"]
[WhiteElo "2200"]
[BlackElo "2481"]
[PlyCount "94"]
[EventDate "2007.??.??"]

1. e4 e6 2. d4 d5 3. Nc3 Nf6 4. Bd3 dxe4 5. Nxe4 Nbd7 6. Ne2 c5 7. O-O Be7 8.
b3 cxd4 9. Nxd4 O-O 10. Bb2 Nxe4 11. Bxe4 Nc5 12. Bf3 Bf6 13. c3 Qb6 14. Qc2
Bd7 15. Rad1 Rac8 16. Ba1 Rfe8 17. Bg4 a5 18. Kh1 g6 19. f4 Bg7 20. Nf3 f5 21.
Bh3 Bc6 22. g3 a4 23. b4 Ne4 24. c4 Bxa1 25. Rxa1 Qxb4 26. Bg2 Rcd8 27. Rad1
Qc5 28. Rde1 b5 29. Re2 Qxc4 30. Ne5 Qxc2 31. Rxc2 Bd5 32. Rb2 Rb8 33. a3 Rec8
34. Kg1 Rb7 35. Ra1 Rc3 36. Bf1 Nd6 37. Kf2 Bb3 38. Nd3 Nc4 39. Rbb1 Rd7 40.
Nb4 Rd2+ 41. Kg1 Kf7 42. Re1 Kf6 43. Re2 Rxe2 44. Bxe2 h6 45. Kf2 g5 46. Bf3
Nd2 47. Bc6 Ne4+ 0-1

[Event "IV Open Internacional Calvia"]
[Site "Calvia"]
[Date "2007.10.16"]
[Round "2.32"]
[White "Orlov, Andrey"]
[Black "Campos Calvo-Sotelo, Juan"]
[Result "1-0"]
[WhiteElo "2481"]
[BlackElo "1971"]
[PlyCount "65"]
[EventDate "2007.??.??"]

1. e4 Nf6 2. e5 Nd5 3. Nc3 c6 4. Bc4 e6 5. Nf3 d6 6. exd6 Bxd6 7. O-O O-O 8. d4
Nxc3 9. bxc3 h6 10. Re1 Nd7 11. Bd3 Nf6 12. Ne5 Qc7 13. Qf3 Bxe5 14. dxe5 Nd5
15. c4 Nb4 16. Bxh6 Nxd3 17. Qg3 f5 18. cxd3 Qf7 19. Bf4 c5 20. Qh4 Qg6 21. h3
Bd7 22. Re3 Rae8 23. Rg3 Qh7 24. Qg5 Rf7 25. d4 cxd4 26. Rd1 Bc6 27. Rxd4 Rd7
28. Rxd7 Bxd7 29. h4 Kh8 30. h5 Kg8 31. h6 g6 32. Qf6 Qf7 33. Rxg6+ 1-0

[Event "IV Open Internacional Calvia"]
[Site "Calvia"]
[Date "2007.10.16"]
[Round "2.36"]
[White "Givon, Asaf"]
[Black "Aroven, Mikael"]
[Result "1-0"]
[WhiteElo "1937"]
[BlackElo "2201"]
[PlyCount "95"]
[EventDate "2007.??.??"]

1. e4 c5 2. Nf3 g6 3. d4 cxd4 4. Qxd4 Nf6 5. e5 Nc6 6. Qa4 Nd5 7. Qe4 Nc7 8.
Nc3 Bg7 9. Bc4 b5 10. Bb3 a5 11. a4 b4 12. Nd5 Ne6 13. Be3 Rb8 14. O-O-O O-O
15. h4 h6 16. Nf4 Qc7 17. h5 g5 18. Nd5 Qd8 19. Bc4 Re8 20. Bb5 Bb7 21. Qf5 Ba8
22. Kb1 b3 23. cxb3 Ncd4 24. Bxd4 Bxd5 25. Ba7 Rxb5 26. axb5 Bxb3 27. Rd2 Qc7
28. Be3 Qc4 29. Rc1 Qa4 30. Rc3 d6 31. Qd3 Ba2+ 32. Kc1 Qg4 33. b3 dxe5 34. Rc4
Qxg2 35. Ne1 Qh1 36. Rxa2 Rd8 37. Qe2 Nf4 38. Bxf4 exf4 39. Rd2 Re8 40. Kc2 e5
41. Qe4 Qh3 42. b6 a4 43. Qd3 axb3+ 44. Qxb3 Qf5+ 45. Kc1 e4 46. b7 e3 47. Re2
Qe5 48. Rc8 1-0

[Event "IV Open Internacional Calvia"]
[Site "Calvia"]
[Date "2007.10.16"]
[Round "2.37"]
[White "Ferrer Roig, Juan"]
[Black "Barcelo, Pedro"]
[Result "1/2-1/2"]
[WhiteElo "2130"]
[BlackElo "2190"]
[PlyCount "20"]
[EventDate "2007.??.??"]

1. e4 e6 2. d4 d5 3. exd5 exd5 4. Nf3 Nf6 5. Bd3 Bd6 6. O-O O-O 7. c3 c6 8. Bg5
Bg4 9. Nbd2 Nbd7 10. Qc2 Qc7 1/2-1/2

[Event "IV Open Internacional Calvia"]
[Site "Calvia"]
[Date "2007.10.16"]
[Round "2.38"]
[White "Alemany Jara, Alejandro"]
[Black "Pons Servera, Cristobal"]
[Result "0-1"]
[WhiteElo "1559"]
[BlackElo "2146"]
[PlyCount "78"]
[EventDate "2007.??.??"]

1. e4 d6 2. d4 Nf6 3. Nc3 g6 4. g3 Bg7 5. Bg2 O-O 6. Nf3 c6 7. O-O Qc7 8. Re1
e5 9. d5 c5 10. Bg5 a6 11. a4 h6 12. Bxf6 Bxf6 13. Qd3 Nd7 14. h3 Rb8 15. Nh2
Bg7 16. Rad1 c4 17. Qf3 b5 18. axb5 axb5 19. Ng4 f5 20. exf5 gxf5 21. Nh2 e4
22. Qh5 Nf6 23. Qe2 b4 24. Na2 Bd7 25. b3 c3 26. Rd4 Qa5 27. Nc1 Nxd5 28. Rdd1
Be5 29. Qc4 Be6 30. Bf1 Nf4 31. Qa6 Qxa6 32. Bxa6 Nxh3+ 33. Kg2 Ng5 34. Rh1 f4
35. Nf1 Bg4 36. Re1 Bf3+ 37. Kg1 Bxh1 38. Kxh1 d5 39. gxf4 Rxf4 0-1

[Event "IV Open Internacional Calvia"]
[Site "Calvia"]
[Date "2007.10.16"]
[Round "2.39"]
[White "Zugic, Igor"]
[Black "Levine, Yonatan"]
[Result "1-0"]
[WhiteElo "2477"]
[BlackElo "1984"]
[PlyCount "55"]
[EventDate "2007.??.??"]

1. Nf3 Nf6 2. c4 g6 3. Nc3 Bg7 4. g3 O-O 5. Bg2 d6 6. O-O e5 7. d4 Nbd7 8. h3
c6 9. e4 Ne8 10. Be3 h6 11. Qd2 Kh7 12. Nh2 Nc7 13. f4 Ne6 14. Nf3 exd4 15.
Nxd4 Bxd4 16. Bxd4 Nxd4 17. Qxd4 Qf6 18. Qxf6 Nxf6 19. b3 Rd8 20. Rad1 d5 21.
exd5 cxd5 22. c5 Nd7 23. Nxd5 Rf8 24. b4 a5 25. a3 axb4 26. axb4 Ra3 27. Rf3
Ra2 28. Rfd3 1-0

[Event "IV Open Internacional Calvia"]
[Site "Calvia"]
[Date "2007.10.16"]
[Round "2.40"]
[White "Grant, Jonathan"]
[Black "Abadia Pascual, Luis"]
[Result "1-0"]
[WhiteElo "2261"]
[BlackElo "1979"]
[PlyCount "81"]
[EventDate "2007.??.??"]

1. c4 f5 2. Nc3 Nf6 3. g3 g6 4. Bg2 Bg7 5. d3 e5 6. e4 fxe4 7. dxe4 O-O 8. Nge2
d6 9. O-O Be6 10. b3 Qd7 11. Nd5 Nc6 12. f3 Rf7 13. Be3 Bh3 14. Qd2 Raf8 15.
Rac1 Bxg2 16. Kxg2 Qe6 17. b4 a6 18. a4 Nd8 19. c5 Nxd5 20. exd5 Qd7 21. cxd6
cxd6 22. Nc3 Re7 23. a5 Nf7 24. Ne4 Ree8 25. h4 Rc8 26. Bg5 Nxg5 27. hxg5 Qe7
28. Rxc8 Rxc8 29. Rc1 Rf8 30. Qd3 Qd7 31. Qc4 Qf5 32. Rc3 Qd7 33. g4 Bh8 34.
Qc7 Qb5 35. Qxd6 Qe2+ 36. Nf2 Bg7 37. Qe6+ Kh8 38. Rd3 Qe1 39. Qe7 h5 40. gxh6
Bxh6 41. Qh4 1-0

[Event "IV Open Internacional Calvia"]
[Site "Calvia"]
[Date "2007.10.16"]
[Round "2.41"]
[White "Farrell, Neil"]
[Black "Larsson, Daniel"]
[Result "1-0"]
[WhiteElo "2194"]
[BlackElo "1962"]
[PlyCount "69"]
[EventDate "2007.??.??"]

1. d4 e6 2. c4 f5 3. g3 Nf6 4. Bg2 Bb4+ 5. Nd2 O-O 6. Ngf3 Be7 7. O-O d5 8. b3
c6 9. Bb2 b6 10. Ne5 Bb7 11. Ndf3 Ne4 12. Rc1 c5 13. Qd3 Na6 14. Rfd1 Rc8 15.
e3 cxd4 16. exd4 f4 17. a3 fxg3 18. hxg3 g5 19. Bh3 Rf6 20. Ng4 Rg6 21. Nfe5
dxc4 22. bxc4 Rg7 23. Nh6+ Kf8 24. Bxe6 Qd6 25. d5 Nac5 26. Qf3+ Nf6 27. Nf5
Qxe6 28. Nxg7 Kxg7 29. dxe6 Bxf3 30. Nxf3 Nxe6 31. Re1 Rc6 32. Re2 Bd8 33. Rd1
Bc7 34. Rde1 Kf7 35. Rxe6 1-0

[Event "IV Open Internacional Calvia"]
[Site "Calvia"]
[Date "2007.10.16"]
[Round "2.42"]
[White "Gurbanzade, Erkin"]
[Black "Skage, Oystein Aagedal"]
[Result "1-0"]
[WhiteElo "2179"]
[BlackElo "1956"]
[PlyCount "125"]
[EventDate "2007.??.??"]

1. e4 c5 2. Nf3 d6 3. d4 cxd4 4. Nxd4 Nf6 5. Nc3 a6 6. Bg5 e6 7. f4 Qb6 8. Qd3
Qxb2 9. Rb1 Qa3 10. f5 Nc6 11. fxe6 fxe6 12. Nxc6 bxc6 13. Be2 Qa5 14. Bxf6
gxf6 15. O-O Qc5+ 16. Kh1 Be7 17. Na4 Qe5 18. Nb6 Rb8 19. Nc4 Rxb1 20. Nxe5
Rxf1+ 21. Bxf1 dxe5 22. Qc4 Kd7 23. g3 Rd8 24. Bh3 Kc7 25. c3 Rd1+ 26. Kg2 Rd2+
27. Kg1 f5 28. Bg2 Rd1+ 29. Kf2 Rd2+ 30. Kf1 Bg5 31. Bf3 Rd6 32. Qc5 Bf6 33. a4
Bb7 34. a5 Rd7 35. Be2 fxe4 36. Bc4 Be7 37. Qb6+ Kd6 38. Bxa6 Bd8 39. Qb4+ c5
40. Qb5 Bc6 41. Qb8+ Bc7 42. Qf8+ Kd5 43. Ke2 Rd8 44. c4+ Kd4 45. Qe7 Rd7 46.
Qxe6 Rd6 47. Qf7 Rd7 48. Qf5 Rd6 49. Qg5 Kc3 50. Qxe5+ Kc2 51. Qa1 Rd2+ 52. Ke3
Rd3+ 53. Ke2 Rd2+ 54. Ke1 e3 55. Qa2+ Kc3 56. Qa1+ Kc2 57. Bb5 Bf3 58. Ba4+ Kd3
59. Qb1+ Kd4 60. Qf5 Bxa5 61. Qf4+ Be4 62. Qd6+ Kxc4 63. Qa6+ 1-0

[Event "IV Open Internacional Calvia"]
[Site "Calvia"]
[Date "2007.10.16"]
[Round "2.44"]
[White "Raznikov, Danny"]
[Black "Edvardsen, Ingar"]
[Result "1-0"]
[WhiteElo "2162"]
[BlackElo "1941"]
[PlyCount "35"]
[EventDate "2007.??.??"]

1. d4 f5 2. Nc3 Nf6 3. Bg5 e6 4. e4 fxe4 5. Nxe4 Be7 6. Bxf6 Bxf6 7. Nf3 O-O 8.
Bd3 b6 9. Qe2 Be7 10. h4 d5 11. Neg5 Bxg5 12. Nxg5 g6 13. Nxh7 Rf7 14. Ng5 Rg7
15. Nxe6 Bxe6 16. Qxe6+ Kf8 17. O-O-O Qd7 18. Rde1 1-0

[Event "IV Open Internacional Calvia"]
[Site "Calvia"]
[Date "2007.10.16"]
[Round "2.45"]
[White "Sparreboom, Willem"]
[Black "Babar, Michael"]
[Result "1/2-1/2"]
[WhiteElo "1960"]
[BlackElo "2160"]
[PlyCount "187"]
[EventDate "2007.??.??"]

1. d4 Nf6 2. c4 e6 3. Nc3 d5 4. Bg5 c6 5. e3 Nbd7 6. cxd5 exd5 7. Bd3 Be7 8.
Qc2 O-O 9. Nf3 Re8 10. O-O g6 11. Bf4 Bf8 12. h3 Nh5 13. Bh2 Ng7 14. e4 dxe4
15. Nxe4 Nb6 16. Nc3 Be6 17. Rfe1 Nf5 18. Rad1 Nd5 19. Nxd5 Qxd5 20. a3 Bg7 21.
Be5 Rad8 22. Be4 Qa5 23. Bxg7 Kxg7 24. Qc1 Bb3 25. Rd2 Nd6 26. Bd3 Rxe1+ 27.
Qxe1 Re8 28. Re2 Qxe1+ 29. Rxe1 Rxe1+ 30. Nxe1 Bd5 31. Nc2 Kf6 32. Ne3 Ke6 33.
g3 Bf3 34. Kh2 f5 35. h4 Be4 36. Be2 h6 37. f3 Bd5 38. Kg2 g5 39. Kf2 f4 40.
gxf4 gxf4 41. Ng2 Nf5 42. Nxf4+ Kd6 43. h5 Nxd4 44. Bd1 Ke5 45. Nd3+ Kf6 46.
Ke3 Nf5+ 47. Kf4 Ng7 48. Nc5 b6 49. Ne4+ Bxe4 50. fxe4 Ne6+ 51. Ke3 Ke5 52. Bg4
Nc5 53. Bf3 Nd7 54. b4 c5 55. Be2 Nf6 56. bxc5 bxc5 57. Bf3 Ne8 58. Kd3 Nd6 59.
Ke3 Nc4+ 60. Kd3 Nxa3 61. Kc3 a6 62. Bg2 Kd6 63. Kb3 Nb5 64. Kc4 Na3+ 65. Kb3
Nb5 66. Kc4 Nd4 67. e5+ Kxe5 68. Kxc5 a5 69. Kc4 Nc2 70. Kb5 Ne3 71. Bc6 Nf5
72. Kxa5 Kf4 73. Kb4 Ng7 74. Kc3 Nxh5 75. Kd2 Kg3 76. Be8 Nf6 77. Bg6 Kf2 78.
Kd3 Kf3 79. Kd4 Ng4 80. Kd5 Kf4 81. Ke6 Kg5 82. Be8 Nf6 83. Bf7 Ne4 84. Ke5 Nf2
85. Be8 Ng4+ 86. Ke6 Nf6 87. Bf7 Nh7 88. Ke7 Kf5 89. Be6+ Ke5 90. Bf7 Kf4 91.
Bg6 Ng5 92. Kf6 Nf3 93. Bh5 Ne5 94. Bd1 1/2-1/2

[Event "IV Open Internacional Calvia"]
[Site "Calvia"]
[Date "2007.10.16"]
[Round "2.46"]
[White "Hoenick, Andreas"]
[Black "Antoniacci, Riccardo"]
[Result "1-0"]
[WhiteElo "2158"]
[BlackElo "1935"]
[PlyCount "75"]
[EventDate "2007.??.??"]

1. d4 Nf6 2. c4 e6 3. Nf3 c5 4. d5 exd5 5. cxd5 d6 6. Nc3 g6 7. e4 Bg7 8. Bd3
O-O 9. h3 a6 10. a4 Re8 11. O-O Nbd7 12. Bf4 Qc7 13. Re1 Nh5 14. Bh2 Rb8 15.
Bf1 h6 16. g4 Nhf6 17. e5 dxe5 18. d6 Qd8 19. Nxe5 Nxe5 20. Bxe5 Bd7 21. a5 Rc8
22. Bg3 Bc6 23. Bc4 Rxe1+ 24. Qxe1 h5 25. g5 Nd7 26. Qe3 Qe8 27. Re1 Qxe3 28.
Rxe3 Bxc3 29. bxc3 b5 30. axb6 Nxb6 31. Bf1 Nd5 32. Re5 Re8 33. Rxe8+ Bxe8 34.
Bxa6 Nxc3 35. Bc8 c4 36. d7 Bxd7 37. Bxd7 Ne2+ 38. Kf1 1-0

[Event "IV Open Internacional Calvia"]
[Site "Calvia"]
[Date "2007.10.16"]
[Round "2.47"]
[White "Olias Munoz, Francisco"]
[Black "Cruz Condori, Alfredo"]
[Result "0-1"]
[WhiteElo "1950"]
[BlackElo "2149"]
[PlyCount "64"]
[EventDate "2007.??.??"]

1. e4 c5 2. Nf3 Nc6 3. d4 cxd4 4. Nxd4 Nf6 5. Nc3 e5 6. Ndb5 d6 7. Bg5 a6 8.
Na3 b5 9. Nd5 Be7 10. Bxf6 Bxf6 11. c3 Ne7 12. Nc2 Bb7 13. Be2 Bg5 14. O-O O-O
15. a4 Nxd5 16. exd5 bxa4 17. Rxa4 a5 18. b4 Qc7 19. c4 axb4 20. Rxb4 Rfb8 21.
Qd3 Bc8 22. Rfb1 Rxb4 23. Nxb4 g6 24. Qg3 Bf4 25. Qh4 Bf5 26. Rd1 Kg7 27. g4 g5
28. Qh3 Bg6 29. Nc6 Ra2 30. Bd3 Qb6 31. Bxg6 Qxf2+ 32. Kh1 hxg6 0-1